Tři kusy pro violoncello a klavír.

Uložené v:
Podrobná bibliografia
Hlavný autor: Bárta, Lubor
Médium: Hudobnina
Jazyk:Czech
Vydané: Praha : Supraphon, 1974.
Fyzický popis: 15 strán, 1 hlas.
Tagy: Pridať tag
Žiadne tagy, Buďte prvý kto otaguje tento záznam!

MARC

LEADER 00000ncm a2200000#i#4500
001 000744708
005 20260205185042.0
008 260205s1974 xr e 000 0 cze d
FMT
020 |q (brožované)  |c Kčs 8,00 
040 |a SVKK  |b slo  |c SVKK  |e rda 
100 1 |a Bárta, Lubor 
245 1 0 |a Tři kusy pro violoncello a klavír. 
264 1 |a Praha :  |b Supraphon,  |c 1974. 
300 |a 15 strán, 1 hlas. 
336 |a zápis hudby  |b ntm  |2 rdacontent 
337 |a bez média  |b n  |2 rdamedia 
338 |a zväzok  |b nc  |2 rdacarrier 
500 |a Záznam revízie 
910 |a svkkk 
998 |a MU 
OWN
Z30 1 |l SCK01  |l SCK01  |m BOOK  |1 SCKHL  |2 SK16  |b Sklad Pribinova 3. posch.  |3 V.90521  |6 510655  |q 19740205  |5 2721157807  |8 20260205  |e  0000  |f 20  |s Povinný výt.  |z 0.27  |t 00000000  |u 0000  |w 000744708  |x 000010 
090 |g SCKHL  |k Sklad Pribinova 3. posch.  |a V.90521  |j 510655  |i 2721157807  |s Povinný výt.